000 00740cab a22001935a 4500
001 L142045
008 071128e20080118xxkao f 000 0 eng d
035 _a(Sirsi) u142045
041 0 _aeng
100 1 _aUnger, Paul
245 0 0 _aRegional report
_bLancashire and Cumbria
260 _c2008
490 0 _aProperty Week
_v73(3) 18 January 2008, 95-107(6)
520 _aReports on news and deals from around the local market; discusses developers' problems with schemes in historic Lancaster; bids for a Marina Village regeneration scheme in Barrow; how Carlisle council is maximising its property portfolio.
590 _aKA
651 4 _aLancashire
690 _aPROPERTY-COMMERCIAL PROPERTY-COMMERCIAL PROPERTY MARKET
942 _n0
999 _c79712
_d79712